[Event "OLNN 1920 Schachfreunde HH - SK Doppelb"]
[Site "?"]
[Date "2019.12.08"]
[Round "4.7"]
[White "Ghadimi, Mohammed Reza"]
[Black "Jaeckle, Marco"]
[Result "1/2-1/2"]
[WhiteElo "2098"]
[BlackElo "2225"]
[PlyCount "91"]
[EventDate "2019.??.??"]

1. d4 d5 2. c4 Nc6 3. Nc3 Nf6 4. Bf4 e6 5. e3 Bb4 6. Bd3 O-O 7. h3 dxc4 8. Bxc4
Nd5 9. Bxd5 Bxc3+ 10. bxc3 exd5 11. Nf3 Na5 12. O-O Bf5 13. Re1 Re8 14. Nd2 Rc8
15. f3 c5 16. e4 Be6 17. Nb3 Nxb3 18. axb3 cxd4 19. Qxd4 dxe4 20. Rxe4 Qxd4+
21. cxd4 a6 22. Rae1 Red8 23. R1e3 Rd5 24. Bg3 Rb5 25. Re5 Rxb3 26. Rxb3 Bxb3
27. Re7 Bd5 28. Rd7 Bc6 29. Rd6 Kf8 30. d5 Bb5 31. Rb6 Rd8 32. Rxb7 Rxd5 33.
Be1 f6 34. Ra7 Rd1 35. Kf2 Rb1 36. Ba5 Rb2+ 37. Kg1 h5 38. h4 Kg8 39. Bc3 Rc2
40. Bd4 Rc4 41. Bf2 Kh7 42. Bg3 Rc1+ 43. Kf2 Rc2+ 44. Kg1 Rd2 45. Be1 Rd4 46.
Bc3 1/2-1/2

[Event "OLNN 1920 Schachfreunde HH - SK Doppelb"]
[Site "?"]
[Date "2019.12.08"]
[Round "4.8"]
[White "Kluenger, Marc"]
[Black "Buchholz, Sebastian"]
[Result "1/2-1/2"]
[WhiteElo "2189"]
[BlackElo "2155"]
[PlyCount "67"]
[EventDate "2019.??.??"]

1. Nf3 Nf6 2. c4 b6 3. g3 Bb7 4. Bg2 e6 5. O-O Be7 6. b3 O-O 7. Bb2 c5 8. Nc3
Nc6 9. d4 Nxd4 10. Nxd4 Bxg2 11. Kxg2 cxd4 12. Qxd4 Qc7 13. Qd3 Rfd8 14. Rac1
Rac8 15. Rfd1 Qb8 16. Qf3 a6 17. Ne4 Nxe4 18. Qxe4 b5 19. Qg4 Qb7+ 20. Kg1 f6
21. Rd2 bxc4 22. Rxc4 Rxc4 23. Qxc4 Rc8 24. Qd3 Rc7 25. Rc2 Rxc2 26. Qxc2 g6
27. Qd3 Kf7 28. h4 Qb5 29. Qe3 a5 30. Qh6 Kg8 31. Qf4 Kf7 32. Qh6 Kg8 33. Qf4
Kf7 34. Qh6 1/2-1/2

[Event "OLNN 1920 SF Schwerin - Lübecker SV"]
[Site "?"]
[Date "2019.12.08"]
[Round "4.1"]
[White "Kalinitschew, Sergey"]
[Black "Danielsen, Henrik"]
[Result "1/2-1/2"]
[WhiteElo "2432"]
[BlackElo "2500"]
[PlyCount "30"]
[EventDate "2019.??.??"]

1. Nf3 Nf6 2. c4 c5 3. Nc3 Nc6 4. d4 cxd4 5. Nxd4 g6 6. e4 d6 7. Be2 Bg7 8. Be3
O-O 9. O-O Bd7 10. Nc2 Rc8 11. f3 Be6 12. Qd2 Nd7 13. Rac1 Re8 14. Rfd1 Qa5 15.
Na3 Nc5 1/2-1/2

[Event "OLNN 1920 SF Schwerin - Lübecker SV"]
[Site "?"]
[Date "2019.12.08"]
[Round "4.2"]
[White "Brynell, Stellan"]
[Black "Svane, Frederik"]
[Result "1/2-1/2"]
[WhiteElo "2415"]
[BlackElo "2398"]
[PlyCount "83"]
[EventDate "2019.??.??"]

1. d4 Nf6 2. Nf3 e6 3. c4 d5 4. Nc3 c6 5. Bg5 h6 6. Bxf6 Qxf6 7. g3 Bd6 8. Bg2
O-O 9. O-O Qe7 10. e4 dxc4 11. Nd2 e5 12. d5 cxd5 13. Nxd5 Qd8 14. Nxc4 Nc6 15.
Qh5 Bb8 16. Bh3 Bxh3 17. Qxh3 Nd4 18. Rad1 b5 19. Nce3 a6 20. Nf5 Ba7 21. Rd3
Nxf5 22. Qxf5 Bd4 23. Rc1 Bxb2 24. Rc7 Qg5 25. Qf3 Bd4 26. h4 Qd8 27. Qg4 Kh8
28. Rf3 Ra7 29. Rxa7 Bxa7 30. Rc3 Bd4 31. Rc6 Qa5 32. Qf5 Qxa2 33. Kg2 a5 34.
h5 b4 35. Rc8 Rxc8 36. Qxc8+ Kh7 37. Qf5+ Kh8 38. Qxf7 b3 39. Qe8+ Kh7 40. Qg6+
Kh8 41. Qe8+ Kh7 42. Qg6+ 1/2-1/2

[Event "OLNN 1920 SF Schwerin - Lübecker SV"]
[Site "?"]
[Date "2019.12.08"]
[Round "4.3"]
[White "Riess, Alexander"]
[Black "Schulz, Karsten"]
[Result "1/2-1/2"]
[WhiteElo "2307"]
[BlackElo "2267"]
[PlyCount "59"]
[EventDate "2019.??.??"]

1. d4 d6 2. c4 g6 3. Nc3 Bg7 4. e4 a6 5. Be3 c6 6. Nf3 b5 7. cxb5 axb5 8. Bd3
b4 9. Ne2 Nf6 10. O-O O-O 11. Qb3 Ba6 12. Nf4 Bxd3 13. Qxd3 e5 14. dxe5 dxe5
15. Nxe5 Qe7 16. Nc4 Rd8 17. Qb3 Nbd7 18. f3 Rdb8 19. Qc2 Ne8 20. Rfd1 Nc7 21.
Nd2 Nd5 22. Nxd5 cxd5 23. Bf2 Qe5 24. Rdb1 dxe4 25. Nxe4 Rxa2 26. Rxa2 b3 27.
Qc4 bxa2 28. Qxa2 Rxb2 29. Rxb2 Qxb2 30. Qxb2 1/2-1/2

[Event "OLNN 1920 SF Schwerin - Lübecker SV"]
[Site "?"]
[Date "2019.12.08"]
[Round "4.4"]
[White "Hilwerda, Jonas"]
[Black "Kololli, Martin"]
[Result "1/2-1/2"]
[WhiteElo "2228"]
[BlackElo "2343"]
[PlyCount "46"]
[EventDate "2019.??.??"]

1. e4 e5 2. Nf3 Nc6 3. Bc4 Nf6 4. Ng5 d5 5. exd5 Na5 6. Bb5+ c6 7. dxc6 bxc6 8.
Bd3 h6 9. Ne4 Nd5 10. O-O Nf4 11. Be2 f5 12. Ng3 Bd6 13. d4 O-O 14. dxe5 Bxe5
15. Bxf4 Bxf4 16. Qxd8 Rxd8 17. b4 Be5 18. c3 Nb7 19. f4 Bc7 20. Bf3 a5 21.
Bxc6 axb4 22. a4 b3 23. Na3 Ra5 1/2-1/2

[Event "OLNN 1920 SF Schwerin - Lübecker SV"]
[Site "?"]
[Date "2019.12.08"]
[Round "4.5"]
[White "Kreuzholz, Michael"]
[Black "Reichmann, Hendrik"]
[Result "1-0"]
[WhiteElo "2327"]
[BlackElo "2356"]
[PlyCount "75"]
[EventDate "2019.??.??"]

1. e4 c5 2. Nf3 e6 3. d4 cxd4 4. Nxd4 a6 5. c4 Nf6 6. Nc3 Qc7 7. Qd3 d6 8. Be2
Nbd7 9. f4 b6 10. O-O Bb7 11. b4 Rc8 12. Bd2 e5 13. Nf5 exf4 14. Bxf4 Ne5 15.
Qg3 g6 16. Qh4 Nfd7 17. Ne3 Qd8 18. Qe1 Bg7 19. Rd1 b5 20. Rxd6 bxc4 21. Qd2
Rc6 22. Rxc6 Bxc6 23. Nxc4 O-O 24. Nxe5 Nxe5 25. Nd5 f5 26. Bg5 Qa8 27. Ne7+
Kh8 28. Nxc6 Nxc6 29. exf5 gxf5 30. Bf3 Qa7+ 31. Kh1 Nd4 32. Bd5 Qd7 33. Bc4
Qa4 34. Be7 Rc8 35. Qd3 a5 36. Bc5 Nc2 37. Qxf5 Re8 38. Bb3 1-0

[Event "OLNN 1920 SF Schwerin - Lübecker SV"]
[Site "?"]
[Date "2019.12.08"]
[Round "4.6"]
[White "Wolf, Christoph"]
[Black "Christ, Ralf"]
[Result "1/2-1/2"]
[WhiteElo "2216"]
[BlackElo "2259"]
[PlyCount "34"]
[EventDate "2019.??.??"]

1. e4 e5 2. Nf3 Nc6 3. d4 exd4 4. Bc4 Nf6 5. e5 d5 6. Bb5 Ne4 7. Nxd4 Bd7 8.
Bxc6 bxc6 9. O-O Bc5 10. f3 Ng5 11. Be3 O-O 12. f4 Ne4 13. Nd2 f5 14. Nxe4 fxe4
15. Qd2 Bb6 16. Nb3 Qe7 17. Qc3 g5 1/2-1/2

[Event "OLNN 1920 SF Schwerin - Lübecker SV"]
[Site "?"]
[Date "2019.12.08"]
[Round "4.7"]
[White "Ehrke, Michael"]
[Black "Grahl, Arvid"]
[Result "1-0"]
[WhiteElo "2244"]
[BlackElo "2196"]
[PlyCount "69"]
[EventDate "2019.??.??"]

1. d4 Nf6 2. Nf3 g6 3. Bf4 Bg7 4. e3 c5 5. Be2 b6 6. O-O Bb7 7. c3 O-O 8. Nbd2
Nc6 9. h3 d6 10. a4 Qc7 11. Bh2 Rfe8 12. Nc4 Nd8 13. a5 b5 14. a6 Bd5 15. Ncd2
Rb8 16. dxc5 Qxc5 17. Nd4 Ne6 18. N2b3 Bxb3 19. Qxb3 Nxd4 20. exd4 Qb6 21. Bf3
Rec8 22. Rfe1 Rc7 23. Bb7 Rd8 24. Bf4 Rc4 25. Rxe7 Bf8 26. Ree1 d5 27. Qd1 b4
28. Qf3 bxc3 29. bxc3 Qb2 30. Bg5 Ne4 31. Bxd8 Rxc3 32. Qf4 Bd6 33. Qh4 Rc2 34.
Bxd5 Bg3 35. Qxe4 1-0

[Event "OLNN 1920 SF Schwerin - Lübecker SV"]
[Site "?"]
[Date "2019.12.08"]
[Round "4.8"]
[White "Heinsohn, Wilfried"]
[Black "Lampe, Dirk"]
[Result "1/2-1/2"]
[WhiteElo "2120"]
[BlackElo "2167"]
[PlyCount "60"]
[EventDate "2019.??.??"]

1. e4 c5 2. Nc3 g6 3. f4 Nc6 4. Nf3 Bg7 5. Bc4 e6 6. d3 Nge7 7. O-O O-O 8. Qe1
d5 9. Bb3 Nd4 10. Nxd4 cxd4 11. Nd1 Nc6 12. Bd2 dxe4 13. Qxe4 Qd6 14. Nf2 Bd7
15. Nh3 Rae8 16. Ng5 h6 17. Nf3 Kh7 18. Rae1 Qc5 19. a3 Qh5 20. Ne5 f5 21. Qf3
Qxf3 22. Nxf3 e5 23. fxe5 Nxe5 24. Nxe5 Bxe5 25. Bb4 Rf6 26. Rf2 Bd6 27. Rxe8
Bxe8 28. Bxd6 Rxd6 29. Re2 Bc6 30. Re7+ Kh8 1/2-1/2

[Event "OLNN 1920 SC Königsspringer HH - Hambu"]
[Site "?"]
[Date "2019.12.08"]
[Round "4.1"]
[White "Gaede, Derek"]
[Black "Pfreundt, Jakob"]
[Result "1/2-1/2"]
[WhiteElo "2255"]
[BlackElo "2409"]
[PlyCount "154"]
[EventDate "2019.??.??"]

1. d4 d5 2. c4 e6 3. Nc3 Nf6 4. cxd5 exd5 5. Bg5 c6 6. e3 Be7 7. Bd3 Bg4 8. Qb3
Qb6 9. Qc2 Nbd7 10. h3 Be6 11. f4 h6 12. Bh4 c5 13. Nf3 c4 14. Be2 Bf5 15. Qc1
Bb4 16. O-O Bxc3 17. bxc3 O-O 18. Ne5 Be4 19. Kh2 Rfe8 20. Bd1 Qa6 21. Qb2 Re6
22. a4 Qb6 23. Qa3 Qd6 24. Qb2 Qb6 25. Qa3 a5 26. Ra2 Qd6 27. Qb2 Qc7 28. Qa3
Qd6 29. Qb2 Qc7 30. Qf2 Rb6 31. Rb2 Raa6 32. g4 Rxb2 33. Qxb2 Rb6 34. Qa3 Ne8
35. Qe7 Rb2+ 36. Rf2 Rxf2+ 37. Bxf2 Ndf6 38. Qxc7 Nxc7 39. g5 Nfe8 40. gxh6
gxh6 41. Bh4 f6 42. Nd7 Kf7 43. Kg1 Bf5 44. Nb6 Nd6 45. Bf3 Ke6 46. Kf2 Bxh3
47. e4 Nxe4+ 48. Bxe4 dxe4 49. Nxc4 Nd5 50. Nxa5 Nxc3 51. Nxb7 Nxa4 52. Nc5+
Nxc5 53. dxc5 Bf5 54. Ke3 Kd5 55. Bxf6 Kxc5 56. Bg7 h5 57. Bf6 Kd5 58. Bd8 Ke6
59. Kf2 Bg4 60. Kg3 e3 61. Bb6 e2 62. Ba5 Kf5 63. Bb4 Ke4 64. Ba5 Ke3 65. Bb4
Bd7 66. Be1 Kd3 67. Kh4 Be8 68. f5 Kc2 69. Kg3 Kd1 70. Kf2 h4 71. Ba5 Bh5 72.
f6 Bf7 73. Bb4 Be6 74. Ba5 Bf7 75. Bb4 Bh5 76. Ba5 Kc2 77. f7 Bxf7 1/2-1/2

[Event "OLNN 1920 SC Königsspringer HH - Hambu"]
[Site "?"]
[Date "2019.12.08"]
[Round "4.2"]
[White "Zimmermann, Julian"]
[Black "Groetzbach, Julian"]
[Result "1/2-1/2"]
[WhiteElo "2293"]
[BlackElo "2243"]
[PlyCount "99"]
[EventDate "2019.??.??"]

1. e4 e5 2. Nf3 Nc6 3. Bc4 Bc5 4. d3 Nf6 5. Be3 Bxe3 6. fxe3 O-O 7. Nc3 d6 8.
O-O Be6 9. Bxe6 fxe6 10. d4 Qe8 11. Qd3 Nb4 12. Qe2 Qg6 13. a3 Nc6 14. Qd3 Rad8
15. d5 exd5 16. Nxd5 Nxd5 17. Qxd5+ Kh8 18. b4 Rb8 19. Nd2 Rf6 20. Rxf6 gxf6
21. Rf1 Rg8 22. Rf2 Nd8 23. Nf3 Qh6 24. Qb3 Rg4 25. Qd3 Qg6 26. Nd2 Ne6 27. h3
Rg3 28. Kh2 Nf4 29. Qf1 Rxe3 30. Rf3 Re1 31. Qf2 Re2 32. Rxf4 Rxf2 33. Rxf2 Qg5
34. Nf1 Qc1 35. Ng3 Kg7 36. Nh5+ Kf7 37. Nxf6 Kg6 38. Ne8 h5 39. Nxc7 Qe1 40.
Rf3 Qxe4 41. Ne8 h4 42. Rf6+ Kg5 43. Nxd6 Qxc2 44. Rf5+ Kg6 45. Rxe5 Qc3 46.
Re4 Kg7 47. Re7+ Kf8 48. Re8+ Kg7 49. Re3 Qd2 50. Re7+ 1/2-1/2

[Event "OLNN 1920 SC Königsspringer HH - Hambu"]
[Site "?"]
[Date "2019.12.08"]
[Round "4.3"]
[White "Spiric, Igor"]
[Black "Schmidt, Jan-Peter"]
[Result "1/2-1/2"]
[WhiteElo "2239"]
[BlackElo "2256"]
[PlyCount "132"]
[EventDate "2019.??.??"]

1. d4 d6 2. Nf3 g6 3. h3 Bg7 4. Nc3 Nf6 5. e4 O-O 6. Bg5 c6 7. Qd2 Qc7 8. a4 e5
9. dxe5 dxe5 10. Bc4 Nbd7 11. Qe3 Re8 12. Bh6 Nf8 13. Bxg7 Kxg7 14. O-O Qb6 15.
a5 Qxe3 16. fxe3 Be6 17. Nxe5 N8d7 18. Bxe6 Nxe5 19. Bb3 Rad8 20. Rad1 Rd7 21.
Na4 Red8 22. Rxd7 Nfxd7 23. Rd1 Re8 24. Kf2 Nf6 25. Rd4 Ned7 26. Kf3 c5 27. Rd1
Ne5+ 28. Ke2 c4 29. Ba2 Nxe4 30. Rd4 Ng3+ 31. Kf2 Nf5 32. Rd1 Nc6 33. g4 Nh4
34. Bxc4 Nxa5 35. Ba2 Re7 36. Nc3 Nc6 37. Bd5 Nb4 38. Bb3 g5 39. Rd8 Nc6 40.
Rd5 h6 41. Ne2 Re6 42. Ng3 Kf8 43. Nh5 Ke7 44. Rb5 Rd6 45. Rxb7+ Kd8 46. Ke2
Ne5 47. Rb5 Nhf3 48. Rd5 Ng1+ 49. Kf2 Nxh3+ 50. Kg2 Rxd5 51. Bxd5 Nxg4 52. Kxh3
Nxe3 53. Bxf7 Nxc2 54. Kg4 Ke7 55. Bb3 Nd4 56. Bd1 Kd6 57. Nf6 Ke5 58. Nd7+ Ke4
59. Nc5+ Kd5 60. Na4 Kc4 61. Kh5 Nf5 62. Nc3 Ne3 63. Be2+ Kb3 64. Nd1 Nxd1 65.
Bxd1+ Kxb2 66. Kxh6 a5 1/2-1/2

[Event "OLNN 1920 SC Königsspringer HH - Hambu"]
[Site "?"]
[Date "2019.12.08"]
[Round "4.4"]
[White "Borgmeyer, Max"]
[Black "Poeck, Ole"]
[Result "1-0"]
[WhiteElo "2173"]
[BlackElo "2249"]
[PlyCount "133"]
[EventDate "2019.??.??"]

1. e4 c5 2. Nf3 d6 3. d4 cxd4 4. Nxd4 Nf6 5. Nc3 a6 6. Be3 e5 7. Nb3 Be6 8. f3
h5 9. Qd2 Nbd7 10. O-O-O b5 11. Qf2 Rc8 12. Kb1 Rxc3 13. bxc3 Qc7 14. Bc1 Nb6
15. Bb2 Na4 16. Bd3 g6 17. f4 Ng4 18. Qf3 exf4 19. e5 Nxe5 20. Qa8+ Bc8 21. Nd4
Nxc3+ 22. Bxc3 Qxc3 23. Rhe1 Bg7 24. Qc6+ Qxc6 25. Nxc6 Bg4 26. Be2 Nxc6 27.
Bxg4+ Ne5 28. Bf3 Ke7 29. Bb7 Rb8 30. Bd5 h4 31. Rd4 g5 32. Rde4 Kf8 33. Rd1
Nd7 34. Ree1 Be5 35. h3 Nc5 36. Bb3 Rb6 37. Bd5 Na4 38. Rd3 Nc3+ 39. Kc1 b4 40.
Bb3 Rc6 41. Kd2 Rc5 42. a4 Ra5 43. Rf1 Ne4+ 44. Kd1 Nc5 45. Rd2 Nxa4 46. Ke2
Nc3+ 47. Kf3 Kg7 48. Bc4 f5 49. Re1 Ne4 50. Rd5 Ra3+ 51. Bb3 Rxb3+ 52. cxb3 Kf6
53. Rxe4 fxe4+ 54. Kxe4 g4 55. hxg4 Ke6 56. Ra5 f3 57. Kxf3 Kf6 58. Rxa6 Kg5
59. Ra5 Kg6 60. Rb5 Bc3 61. Rb6 Kg5 62. Rxd6 Be1 63. Rd5+ Kg6 64. g5 Kh5 65.
Kf4 Bf2 66. Kf5 Be3 67. g6 1-0

[Event "OLNN 1920 SC Königsspringer HH - Hambu"]
[Site "?"]
[Date "2019.12.08"]
[Round "4.5"]
[White "Woelk, Tom-Frederic"]
[Black "Wagner, Friedrich"]
[Result "0-1"]
[WhiteElo "2245"]
[BlackElo "2133"]
[PlyCount "73"]
[EventDate "2019.??.??"]

1. d4 d5 2. c4 c6 3. Nf3 Nf6 4. Nc3 a6 5. c5 g6 6. Bf4 Bg7 7. h3 O-O 8. e3 Re8
9. Be2 Nfd7 10. O-O e5 11. Nxe5 Bxe5 12. Bxe5 Nxe5 13. dxe5 Qe7 14. Qd4 Nd7 15.
b4 Nxe5 16. e4 a5 17. exd5 axb4 18. Qxb4 Bf5 19. Rad1 g5 20. Rfe1 Qf6 21. d6
Rad8 22. f4 Nd7 23. fxg5 Qxg5 24. Bf3 Re5 25. Ne4 Bxe4 26. Rxe4 Rxe4 27. Qxe4
Qxc5+ 28. Kh1 Nf8 29. Qe7 Rd7 30. Qf6 Ne6 31. Bg4 Rxd6 32. Rf1 Nd8 33. Qe7 Rd5
34. Qe8+ Kg7 35. Qe4 Qd6 36. Bf3 Ne6 37. Qb4 0-1

[Event "OLNN 1920 SC Königsspringer HH - Hambu"]
[Site "?"]
[Date "2019.12.08"]
[Round "4.6"]
[White "Langmann, Markus"]
[Black "Bracker, Arne"]
[Result "1/2-1/2"]
[WhiteElo "2074"]
[BlackElo "2234"]
[PlyCount "167"]
[EventDate "2019.??.??"]

1. e4 e5 2. Nf3 Nc6 3. d4 exd4 4. Nxd4 Nf6 5. Nxc6 bxc6 6. e5 Qe7 7. Qe2 Nd5 8.
c4 Ba6 9. Qe4 Nb4 10. Nc3 Rd8 11. Bf4 d5 12. cxd5 cxd5 13. Qb1 Bxf1 14. Kxf1
Qc5 15. Qf5 Be7 16. h4 g6 17. Qh3 Qc4+ 18. Ne2 d4 19. Qb3 Qxb3 20. axb3 O-O 21.
Rh3 d3 22. Nc3 Nd5 23. Nxd5 Rxd5 24. Rd1 Rfd8 25. Bg5 Kf8 26. Re3 Bxg5 27. hxg5
Ke7 28. Rd2 Rd4 29. g3 R8d5 30. f4 Kd7 31. Ke1 Kc6 32. Rd1 d2+ 33. Ke2 Kb5 34.
Rc3 c5 35. Rc2 Kb4 36. Rc3 Re4+ 37. Kf2 a5 38. Rf3 Red4 39. Ke2 Rd7 40. Re3
R7d5 41. Rf3 a4 42. bxa4 Kxa4 43. Ra1+ Kb4 44. Kd1 Re4 45. Kc2 c4 46. Rfa3
d1=Q+ 47. Rxd1 Re2+ 48. Kc1 Rxd1+ 49. Kxd1 Rxb2 50. Ra7 Rg2 51. Rxf7 Kc5 52.
Rxh7 Rxg3 53. Ke2 Kd5 54. Rf7 c3 55. Rf6 c2 56. Kd2 Rc3 57. Kc1 Rc4 58. e6 Kd6
59. Rxg6 Rxf4 60. Kxc2 Re4 61. Kd3 Rxe6 62. Rh6 Ke7 63. Rh7+ Kf8 64. Kd4 Kg8
65. Rb7 Ra6 66. Ke3 Rc6 67. Kf3 Ra6 68. Kg4 Rc6 69. Kh5 Ra6 70. Rb8+ Kg7 71.
Rb7+ Kg8 72. Kg4 Rc6 73. Kf4 Ra6 74. Rb5 Rc6 75. Rf5 Kg7 76. Rb5 Ra6 77. Kf5
Rc6 78. Rb7+ Kg8 79. g6 Rc1 80. Rb4 Rf1+ 81. Rf4 Rxf4+ 82. Kxf4 Kg7 83. Kg5 Kg8
84. Kf6 1/2-1/2

[Event "OLNN 1920 SC Königsspringer HH - Hambu"]
[Site "?"]
[Date "2019.12.08"]
[Round "4.7"]
[White "Zieher, Hartmut"]
[Black "Lock, Adrian"]
[Result "1-0"]
[WhiteElo "2146"]
[BlackElo "2086"]
[PlyCount "113"]
[EventDate "2019.??.??"]

1. e4 e6 2. d4 d5 3. Nd2 Nc6 4. Ngf3 Nf6 5. e5 Nd7 6. Bb5 a6 7. Bxc6 bxc6 8.
Nb3 c5 9. c4 a5 10. cxd5 exd5 11. Bd2 c6 12. dxc5 Nxc5 13. O-O Bd7 14. Rc1 Nxb3
15. Qxb3 Be7 16. Be3 O-O 17. Bc5 Re8 18. Rfe1 Rb8 19. Qa3 Rb4 20. Re2 Bxc5 21.
Rxc5 Qb8 22. h3 a4 23. Qc3 Qb6 24. Nd4 Rb8 25. Nxc6 Bxc6 26. Rxc6 Qd8 27. e6
fxe6 28. Rcxe6 Qf8 29. Qc6 Re4 30. Qxd5 Rxe2 31. Rxe2+ Kh8 32. g3 h6 33. Qd7
Qb4 34. Re8+ Rxe8 35. Qxe8+ Kh7 36. Qe5 Qc4 37. Qf5+ Kh8 38. Qb1 Qe6 39. b4
axb3 40. axb3 Qxh3 41. b4 Qe6 42. b5 Qb6 43. Qb3 h5 44. Qd5 h4 45. gxh4 Qg6+
46. Kf1 Qg4 47. b6 Qh3+ 48. Ke2 Qg4+ 49. Ke3 Qh3+ 50. f3 Qg3 51. b7 Qe1+ 52.
Kd3 Qb1+ 53. Kd4 Qb4+ 54. Ke5 Qb2+ 55. Ke6 Qb6+ 56. Kd7 Kh7 57. Qh5+ 1-0

[Event "OLNN 1920 SC Königsspringer HH - Hambu"]
[Site "?"]
[Date "2019.12.08"]
[Round "4.8"]
[White "Hloskovsky, Andrei"]
[Black "Schumacher, Norbert"]
[Result "1/2-1/2"]
[WhiteElo "2068"]
[BlackElo "2171"]
[PlyCount "55"]
[EventDate "2019.??.??"]

1. e4 c5 2. Nc3 Nc6 3. g3 g6 4. Bg2 Bg7 5. d3 d6 6. Be3 Nd4 7. Qd2 Qa5 8. f4 e6
9. Nf3 Ne7 10. O-O Nxf3+ 11. Bxf3 Nc6 12. Rf2 O-O 13. Nd1 Qxd2 14. Rxd2 Nd4 15.
Bg2 e5 16. c3 Nc6 17. Nf2 Be6 18. Nh3 Rac8 19. Ng5 Bg4 20. Rf1 h6 21. Nf3 Be6
22. f5 Bd7 23. h4 gxf5 24. exf5 Ne7 25. f6 Bxf6 26. Bxh6 Bg7 27. Bxg7 Kxg7 28.
Ng5 1/2-1/2

[Event "OLNN 1920 Hamburger SK III - Schachfreu"]
[Site "?"]
[Date "2020.01.19"]
[Round "5.1"]
[White "Bokelbrink, Uwe"]
[Black "Gaede, Derek"]
[Result "0-1"]
[WhiteElo "2243"]
[BlackElo "2259"]
[PlyCount "48"]
[EventDate "2020.??.??"]

1. e4 e6 2. d4 d5 3. Nc3 Nf6 4. Bg5 Be7 5. e5 Nfd7 6. Bxe7 Qxe7 7. f4 O-O 8.
Nf3 c5 9. dxc5 Nxc5 10. Qd4 Nc6 11. Qe3 b6 12. a3 f6 13. b4 fxe5 14. fxe5 d4
15. Nxd4 Qh4+ 16. Kd2 Nxd4 17. bxc5 Rf2+ 18. Be2 Nxe2 19. Nxe2 Ba6 20. Rae1
bxc5 21. g3 Rd8+ 22. Kc1 Qa4 23. Rhf1 Rxf1 24. Rxf1 Bxe2 0-1

[Event "OLNN 1920 Hamburger SK III - Schachfreu"]
[Site "?"]
[Date "2020.01.19"]
[Round "5.2"]
[White "Groetzbach, Julian"]
[Black "Ritscher, Jan-Paul"]
[Result "1-0"]
[WhiteElo "2244"]
[BlackElo "2259"]
[PlyCount "99"]
[EventDate "2020.??.??"]

1. e4 Nf6 2. e5 Nd5 3. d4 d6 4. Nf3 Bg4 5. Be2 e6 6. O-O Be7 7. h3 Bh5 8. c4
Nb6 9. Be3 Nc6 10. exd6 cxd6 11. d5 exd5 12. cxd5 Bxf3 13. Bxf3 Ne5 14. Be2 O-O
15. Nc3 Nec4 16. Bd4 Bf6 17. Ne4 Bxd4 18. Qxd4 Rc8 19. b3 f5 20. Bxc4 fxe4 21.
Be2 Qf6 22. Qxe4 Rfe8 23. Qg4 Re5 24. Bf3 Rce8 25. Qb4 h5 26. Rae1 R8e7 27.
Rxe5 Qxe5 28. Qa5 Nd7 29. Qxa7 Nf6 30. Rd1 g5 31. Qd4 Qf5 32. Qd3 Re1+ 33. Kh2
Qxd3 34. Rxd3 Rf1 35. Rd4 Rxf2 36. a4 Rc2 37. Rb4 Rc7 38. Rb6 Rd7 39. Kg3 Kg7
40. Kf2 g4 41. hxg4 hxg4 42. Be2 Nxd5 43. Rb5 Rf7+ 44. Kg3 Nc3 45. Bc4 Re7 46.
Rf5 d5 47. Bxd5 Kg6 48. Kxg4 Nd1 49. Kf4 b6 50. Re5 1-0

[Event "OLNN 1920 Hamburger SK III - Schachfreu"]
[Site "?"]
[Date "2020.01.19"]
[Round "5.3"]
[White "Kull, Florian"]
[Black "Spiric, Igor"]
[Result "0-1"]
[WhiteElo "2148"]
[BlackElo "2233"]
[PlyCount "132"]
[EventDate "2020.??.??"]

1. c4 Nc6 2. Nc3 e5 3. Nf3 g6 4. d4 exd4 5. Nd5 Bg7 6. Bg5 Nce7 7. Nxd4 c6 8.
Nxe7 Nxe7 9. Qd2 O-O 10. h4 f6 11. Bf4 d5 12. e3 Nf5 13. Nb3 g5 14. Bh2 Nxh4
15. O-O-O f5 16. cxd5 cxd5 17. Bc4 Be6 18. Bxd5 Rc8+ 19. Kb1 Bxd5 20. Qxd5+
Qxd5 21. Rxd5 Nxg2 22. Bd6 Rfd8 23. Rg1 Rc6 24. Rxg2 h6 25. Rxf5 Rdxd6 26. Rg1
Rf6 27. Nd4 Rb6 28. b3 Rfd6 29. f4 Bxd4 30. exd4 Rf6 31. Rxf6 Rxf6 32. fxg5 Rg6
33. Kc2 Rxg5 34. Rh1 h5 35. Kd3 Kf7 36. a4 Ke6 37. Kc4 a6 38. Re1+ Kd7 39. Rf1
Rg7 40. Kc5 Rh7 41. Rh1 h4 42. Rh3 Rh6 43. a5 Rh7 44. d5 Kc7 45. b4 Rh5 46. Kd4
Kd6 47. Kc4 Rh6 48. Kd4 Rh7 49. Kc4 Rh5 50. b5 axb5+ 51. Kxb5 Kxd5 52. Kb6 Rh7
53. Rh1 h3 54. Rd1+ Ke5 55. Rh1 h2 56. Re1+ Kd5 57. Rh1 Ke5 58. Ka7 Ke6 59. Kb6
Kd6 60. Rd1+ Ke7 61. Re1+ Kd8 62. Rh1 Kc8 63. Ka7 Rh6 64. Rc1+ Rc6 65. a6 Rxc1
66. axb7+ Kd7 0-1

[Event "OLNN 1920 Hamburger SK III - Schachfreu"]
[Site "?"]
[Date "2020.01.19"]
[Round "5.4"]
[White "Poeck, Ole"]
[Black "Hermesmann, Hans"]
[Result "1-0"]
[WhiteElo "2237"]
[BlackElo "2206"]
[PlyCount "63"]
[EventDate "2020.??.??"]

1. e4 c5 2. Nf3 d6 3. Bb5+ Nc6 4. O-O Nf6 5. Re1 Bd7 6. c3 e5 7. d4 Qc7 8. Bg5
Be7 9. Nbd2 a6 10. Bxc6 Bxc6 11. dxe5 dxe5 12. Nc4 Nd7 13. Bxe7 Kxe7 14. Qd2
Rhe8 15. Rad1 Kf8 16. Nd6 Re6 17. Ng5 Rg6 18. Nxh7+ Kg8 19. Ng5 Nf6 20. Nf5 Re8
21. h4 Nh5 22. g3 f6 23. Qe2 Nxg3 24. Qc4+ Kh8 25. Nf7+ Kh7 26. fxg3 b5 27. Qe2
Qxf7 28. Qh5+ Kg8 29. Kh2 Re6 30. Rd8+ Be8 31. Red1 Kf8 32. R1d7 1-0

[Event "OLNN 1920 Hamburger SK III - Schachfreu"]
[Site "?"]
[Date "2020.01.19"]
[Round "5.5"]
[White "Neffe, Axel"]
[Black "Woelk, Tom-Frederic"]
[Result "1-0"]
[WhiteElo "2242"]
[BlackElo "2219"]
[PlyCount "125"]
[EventDate "2020.??.??"]

1. e4 e5 2. Nf3 Nc6 3. Bb5 g6 4. c3 a6 5. Ba4 Bg7 6. d4 exd4 7. cxd4 b5 8. Bb3
Na5 9. Bc2 d6 10. h3 Ne7 11. O-O O-O 12. Bf4 c5 13. Nc3 c4 14. Qd2 Nac6 15. d5
Ne5 16. Nd4 Nd3 17. Bxd3 Bxd4 18. Bxc4 Bxc3 19. Qxc3 bxc4 20. Bh6 f6 21. Bxf8
Qxf8 22. Qxc4 Qd8 23. Rac1 Bd7 24. Qc7 Bb5 25. Rfe1 Kf7 26. b3 Ke8 27. a4 Qxc7
28. Rxc7 Bd7 29. Re3 Kd8 30. Rec3 g5 31. f3 Rc8 32. Rxc8+ Nxc8 33. Kf2 Nb6 34.
Ke3 Na8 35. Kd4 Nc7 36. Rc1 a5 37. Rh1 Na6 38. h4 g4 39. f4 Nc5 40. Rb1 Bc8 41.
b4 axb4 42. Rxb4 Nxa4 43. e5 fxe5+ 44. fxe5 dxe5+ 45. Kxe5 Bd7 46. Rf4 h5 47.
Rf7 Nc5 48. Rh7 Be8 49. Ra7 Nd7+ 50. Kd6 Nb6 51. Rb7 Nc8+ 52. Ke6 Ba4 53. g3
Be8 54. d6 Bc6 55. Rh7 Nb6 56. Rxh5 Bd7+ 57. Kf6 Nc4 58. Rh8+ Be8 59. Ke6 Nb6
60. h5 Nd7 61. h6 Nc5+ 62. Kd5 Nd7 63. h7 1-0

[Event "OLNN 1920 Hamburger SK III - Schachfreu"]
[Site "?"]
[Date "2020.01.19"]
[Round "5.6"]
[White "Bente, Bjoern"]
[Black "Hourigan, Gerrit"]
[Result "0-1"]
[WhiteElo "2230"]
[BlackElo "2296"]
[PlyCount "80"]
[EventDate "2020.??.??"]

1. d4 Nf6 2. Nf3 d5 3. e3 e6 4. Bd3 c5 5. b3 Nc6 6. O-O Bd6 7. Bb2 O-O 8. Nbd2
b6 9. a3 Qc7 10. c4 cxd4 11. exd4 Bb7 12. Qe2 Rac8 13. Ne5 Ne7 14. Rac1 Qb8 15.
f4 h5 16. Ndf3 Nf5 17. Ng5 Rc7 18. Rf3 dxc4 19. bxc4 Bxf3 20. Qxf3 g6 21. h3 h4
22. Bxf5 exf5 23. Qf2 Kg7 24. Qxh4 Rh8 25. Qg3 Nh5 26. Qf3 Qc8 27. d5 Kg8 28.
Rd1 Rh6 29. g4 Ng7 30. Ngxf7 Rxf7 31. Nxf7 Kxf7 32. Qc3 Qf8 33. g5 Rh4 34. Qf6+
Kg8 35. Qxg6 Bc5+ 36. Kg2 Rxf4 37. Rd2 Qe7 38. d6 Qe4+ 39. Kh2 Bg1+ 40. Kxg1
Qe1+ 0-1

[Event "OLNN 1920 Hamburger SK III - Schachfreu"]
[Site "?"]
[Date "2020.01.19"]
[Round "5.7"]
[White "Jaeckle, Marco"]
[Black "Zieher, Hartmut"]
[Result "0-1"]
[WhiteElo "2222"]
[BlackElo "2134"]
[PlyCount "124"]
[EventDate "2020.??.??"]

1. e4 e5 2. d4 exd4 3. Bc4 Nc6 4. Nf3 Nf6 5. e5 d5 6. Bb5 Ne4 7. Nxd4 Bd7 8.
Bxc6 bxc6 9. O-O Bc5 10. Be3 Bb6 11. f3 Ng5 12. f4 Ne4 13. Nd2 Nxd2 14. Qxd2 c5
15. Nf3 d4 16. Bf2 Bc6 17. Bh4 Qd5 18. f5 Kd7 19. c3 Kc8 20. cxd4 cxd4 21. a4
a5 22. Kh1 Kb7 23. Qd3 Rhe8 24. Rfe1 Ka7 25. b3 Bb7 26. Rac1 c5 27. Bg3 Rad8
28. Re2 Ba6 29. Rc4 Bxc4 30. bxc4 Qc6 31. Ng5 Rd7 32. e6 fxe6 33. fxe6 Rde7 34.
Qxh7 Qxa4 35. Qd3 Bc7 36. h4 Bxg3 37. Qxg3 Qxc4 38. Qe1 Qb4 39. Qa1 Rb8 40. Kh2
Qc3 41. Qa4 Rb3 42. Nf3 Qb4 43. Qc6 Qb8+ 44. Kh3 Qb6 45. Qd5 a4 46. Kg4 a3 47.
Kf5 Rb2 48. Nd2 a2 49. Nc4 Rxe2 50. Nxb6 a1=Q 51. Qa8+ Kxb6 52. Qxa1 R7xe6 53.
g3 Rf6+ 54. Kg5 Re3 55. Qb1+ Kc7 56. Kh5 d3 57. Qc1 Re5+ 58. Kg4 Rd6 59. Qd2
Kc6 60. Kf4 Re7 61. Qa5 d2 62. Qa6+ Kd7 0-1